000 00702nam a2200181Ia 4500
008 151018s9999 xx 000 0 und d
082 _bRBASDV29592
_a110
100 _aमहाराज तुकडोजी
245 _aराष्ट्रसंताची अमृतवाणी
250 _b1
260 _bधारा प्रकाशन औरंगाबाद
_c1994
300 _a24
600 _aमहाराज तुकडोजी
630 _aराष्ट्रसंताची अमृतवाणी
700 _aमहाराज तुकडोजी
730 _aराष्ट्रसंताची अमृतवाणी
942 _cBOOK
999 _c1029138
_d1029135